| 000 | 00584nam a2200181 i 4500 | ||
|---|---|---|---|
| 001 | 86567 | ||
| 003 | ES-MaACL | ||
| 005 | 20230906175457.0 | ||
| 007 | t| | ||
| 008 | 041213s1961 sp ||||1| spa d | ||
| 100 | 1 |
_aKhuon, Ernst von. _967998 |
|
| 245 | 1 | 3 |
_aLa aventura de nuestro siglo _b: palabras introductorias / _cErnst von Khuon, Otto Hahn ; traducción de Manuel Entenza. |
| 260 |
_aBarcelona : _bSeix Barral, _c[1961] |
||
| 300 |
_a208 p., 79 lám. ; _c33 cm. |
||
| 700 | 1 |
_aHahn, Otto. _961477 |
|
| 700 | 1 |
_aEntenza, Manuel. _947304 |
|
| 852 |
_aES-MaACL _jC-19446 _bR.47932 |
||
| 999 |
_c86567 _d86567 |
||